000 00795cam a2200289 i 4500
001 0000879
003 DO-SdBNP
005 20180216095226.0
007 0000879
008 100514s 1998 sp a | |||| 000 f spa
015 _a
017 _a
_b
020 _a8448806867
035 _a
040 _aBPMSU
_bspa
_cBPMSU
_e
080 _a
100 1 _aBaronian, Jean Baptiste
240 1 _aDe tout mon coeur /
245 1 0 _aCon todo mi corazón /
_h
_cJean Baptiste Baronian, Noris Kern ; traducción María Barrionuevo Almansa
260 _a[España] :
_bBeascoa,
_c1998.
300 _a[28] p.:
_bil.
_c28 cm.
700 1 2 _aKern, Noris
700 1 2 _aBarrionuevo Almansa, María
_etrad.
942 _2ddc
_cBK
945 _ainventariado, 2018 / dg
956 _aYLOCKWARD
_810
_cBPMSU
999 _c12298
_d12298